000 00604nam a2200193Ia 4500
008 151119s9999||||xx |||||||||||||| ||und||
082 _a891.462
082 _bGKKV7073
100 _aपरदेशी दिलीप
245 _aस्वप्न एका वाल्याचे
260 _a--
260 _b--
260 _c1992
600 _aपरदेशी दिलीप
630 _aस्वप्न एका वाल्याचे
700 _aपरदेशी दिलीप
730 _aस्वप्न एका वाल्याचे
942 _cBOOK
999 _c1061810
_d1061807